000 00401nam a2200181Ia 4500
001 436
005 20260306140517.0
008 260306t2006||||xx |||||||||||||| ||spa||
041 _aESP
082 _a118.6
_bS38
100 _aAnneo Lucio, Séneca
_eAUT
245 0 _aDiálogos
260 _c2006
300 _a417 páginas :
_c20 cm.
650 _aGEN
654 _aCHU
942 _cLIB
_dJUS
_fJUS
_2ddc
_n
999 _c436
_d436